Statistics for Gravity Falls Quiz

Click here to take the quiz!

General Stats

  • This quiz has been taken 3,285 times
  • The average score is 14 of 26

Answer Stats

HintAnswer% Correct
How old are Dipper and Mabel?12
96%
What is the name of Grunkle Stan's tourist trap gift shop?The Mystery Shack
95%
In which US state is Gravity Falls located?Oregon
83%
And what instrument does he play?electric guitar
79%
Who is Stan's business rival, who also is in love with Mabel?Lil' Gideon
79%
What is the name of Wendy's boyfriend?Robbie
78%
What is the name of Mabel's pet pig?Waddles
77%
Who is the most popular girl in Gravity Falls?Pacifica Northwest
75%
Mabel's first boyfriend turned out to be what magical creature?gnome
71%
What aspect of Mabel changes in every episode?her sweater
64%
Who is the owner of the local diner, and Stan's crush?Lazy Susan
64%
In Gravity Falls, it is legal to marry what kind of animal?woodpecker
57%
How many pounds does Mabel's pig weigh?15
52%
Who is the creator of the show?Alex Hirsch
48%
What is the name of Gravity Falls' local kook?Old Man McGucket
47%
What is the name of the Gravity Falls sheriff?Sheriff Blubs
47%
What name does Dipper wish he had?Tyrone
47%
And what is the name of his business?The Tent of Telepathy
38%
What is the name of the town's lumberjack?Manly Dan
32%
Who was the 8 1/2th president of the United States?Quentin Trembley
32%
And who is his deputy?Deputy Durland
31%
Which California city are Dipper and Mabel from?Piedmont
25%
Toby Determined works on what newspaper?Gravity Falls Gossiper
22%
Who provides the voice of Dipper?Jason Ritter
20%
Who provides the voice of Mabel?Kristen Schaal
18%
What is the official title of the show's theme song?Made Me Realize
7%

Score Distribution

Percentile by Number Answered

Percent of People with Each Score

Your Score History

You have not taken this quiz